000 00364nam a2200145Ia 4500
008 240624s9999 xx 000 0 und d
041 _aeng
082 _a519.5 LEV
100 _aLEVINE
245 _aBUSINESS STATISTICS A FIRST COURSE
250 _a(3rd ed.)
260 _c2004
_aNew Delhi
_bPearson Education
300 _a671 : p. : cm. ; 26
365 _cRS
_b30
999 _c13450
_d13450